| 000 | 00813nam a22002417a 4500 | ||
|---|---|---|---|
| 003 | UA-OsUOA | ||
| 001 | 52822 | ||
| 007 | ta | ||
| 008 | 20150909b un ||||| |||| 00| 0 ukr d | ||
| 100 | _aBylen P. | ||
| 090 | _a017 | ||
| 942 | _cBR | ||
| 040 |
_aUA-OsUOA _beng _cUA-OsUOA _dUA-OsUOA |
||
| 245 |
_aSoviet Ukraine _bA Cataloge-Cheklist of National and Local Postage Stamp Issues 1919-1923, Including Occupational Issues of 1918-1920 and 1941-1944 |
||
| 300 | _a36 p. | ||
| 955 | _a4 | ||
| 041 | _aeng | ||
| 080 | _a017 | ||
| 260 |
_aWestchester _bUkrainian Philatelic Resources _c1995 |
||
| 650 | 7 |
_a01 Бібліографія і бібліографії. Каталоги _2UDC |
|
| 999 |
_c432939 _d432939 |
||